[Event "Cologne Longerich op 8th"]
[Site "Cologne"]
[Date "2011.08.13"]
[Round "3"]
[White "Kuhn, Andreas2"]
[Black "Sloka, Andreas"]
[Result "1-0"]
[WhiteElo "1785"]
[BlackElo "1523"]
[PlyCount "55"]
[EventDate "2011.08.12"]
[EventType "swiss"]
[EventRounds "5"]
[EventCountry "GER"]
[SourceTitle "EXT 2017"]
[Source "ChessBase"]
[SourceDate "2016.10.25"]
[SourceVersion "1"]
[SourceVersionDate "2016.10.25"]
[SourceQuality "1"]

1. c4 e5 2. g3 c5 3. Bg2 g6 4. Nc3 Ne7 5. d3 Bg7 6. h4 0-0 7. h5 Nbc6 8. hxg6 fxg6 9. Bh6 Bxh6 10. Rxh6 Nd4 11. Qd2 d6 12. e3 Nef5 13. Rh2 Nc6 14. Bd5+ Kh8 15. Nf3 Ng7 16. 0-0-0 Nb4 17. Rdh1 Nxd5 18. Rxh7+ Kg8 19. Rh8+ Kf7 20. Rxf8+ Qxf8 21. Nxd5 Ke8 22. Ng5 Bg4 23. Nc7+ Kd7 24. Nxa8 Qxa8 25. f3 Qd8 26. e4 Be6 27. Rh7 Qg8 28. Qh2 1-0

[Event "Cologne Longerich op 8th"]
[Site "Cologne"]
[Date "2011.08.13"]
[Round "2"]
[White "Sloka, Andreas"]
[Black "Kronseder, Michael"]
[Result "0-1"]
[WhiteElo "1523"]
[BlackElo "1552"]
[PlyCount "68"]
[EventDate "2011.08.12"]
[EventType "swiss"]
[EventRounds "5"]
[EventCountry "GER"]
[SourceTitle "CBM 144 Extra"]
[Source "ChessBase"]
[SourceDate "2011.10.28"]
[SourceVersion "1"]
[SourceVersionDate "2011.10.28"]
[SourceQuality "1"]

1. d4 c5 2. d5 Nf6 3. c4 b5 4. cxb5 a6 5. bxa6 Bxa6 6. Nc3 d6 7. e4 Bxf1 8. Kxf1 g6 9. g3 Bg7 10. Kg2 0-0 11. h3 Na6 12. Nf3 Qa5 13. e5 Nd7 14. exd6 exd6 15. Bf4 Ne5 16. Nxe5 dxe5 17. Bg5 f6 18. Be3 f5 19. d6 f4 20. Qd5+ Kh8 21. Bd2 Nb4 22. Qc4 Qb6 23. Ne4 Qc6 24. Bxb4 Ra4 25. a3 Qa8 26. Rac1 cxb4 27. axb4 Qb7 28. Qc6 Qxb4 29. Nc5 fxg3 30. Nd3 Qd4 31. d7 Rxf2+ 32. Kg1 Rd2+ 33. Kf1 Qxd3+ 34. Kg1 Qe3+ 0-1

[Event "Solingen Karneval op"]
[Site "Solingen"]
[Date "2011.03.06"]
[Round "4"]
[White "Sloka, Andreas"]
[Black "Tanz, Manfred"]
[Result "1-0"]
[WhiteElo "1755"]
[BlackElo "1646"]
[PlyCount "109"]
[EventDate "2011.03.04"]
[EventType "swiss"]
[EventRounds "5"]
[EventCountry "GER"]
[SourceTitle "EXT 2015"]
[Source "ChessBase"]
[SourceDate "2014.11.20"]
[SourceVersion "1"]
[SourceVersionDate "2014.11.20"]
[SourceQuality "1"]

1. e4 c5 2. Nf3 Nc6 3. d4 cxd4 4. Nxd4 d6 5. Nc3 e5 6. Nf3 Nf6 7. h3 Be7 8. Bc4 h6 9. 0-0 0-0 10. Be3 Nh7 11. Nd5 Bg5 12. Nxg5 Nxg5 13. f3 Kh8 14. Qe2 f5 15. exf5 Bxf5 16. Rad1 Be6 17. Nc3 Bxc4 18. Qxc4 Rc8 19. Qd5 Nf7 20. a3 b6 21. Rd3 Na5 22. b3 Nc6 23. Rfd1 Ne7 24. Qe6 Rc6 25. Qg4 Ng8 26. Qe4 Qd7 27. Qa4 Ne7 28. Nb5 Nf5 29. c4 Nxe3 30. Rxe3 a5 31. Nc3 Rfc8 32. Red3 Qf5 33. Qb5 Qe6 34. Ne4 Kh7 35. Kh2 R8c7 36. Kh1 Kg6 37. Kg1 Ng5 38. Rxd6 Nxe4 39. Rxe6+ Rxe6 40. fxe4 Rf7 41. Rf1 Rc7 42. Rf5 Rce7 43. c5 bxc5 44. Qxc5 Kh7 45. Qxa5 g6 46. Rf1 Kg7 47. a4 Rf6 48. Rxf6 Kxf6 49. Qd8 h5 50. b4 Kf7 51. Qxe7+ Kxe7 52. b5 Kd7 53. Kf2 Kc7 54. Kg3 Kd6 55. Kh4 1-0

[Event "Cologne Longerich op 6th"]
[Site "Cologne"]
[Date "2009.08.21"]
[Round "1"]
[White "Sloka, Andreas"]
[Black "Karwatzki, Hans Juergen"]
[Result "0-1"]
[WhiteElo "1437"]
[BlackElo "1634"]
[PlyCount "46"]
[EventDate "2009.08.21"]
[EventType "swiss"]
[EventRounds "5"]
[EventCountry "GER"]
[SourceTitle "EXT 2012"]
[Source "ChessBase"]
[SourceDate "2011.11.24"]
[SourceVersion "1"]
[SourceVersionDate "2011.11.24"]
[SourceQuality "1"]

1. e4 e5 2. Nf3 Nc6 3. Bb5 Nf6 4. d3 Bc5 5. Bxc6 dxc6 6. Nxe5 Qd4 7. 0-0 Qxe5 8. Nd2 Bg4 9. Qe1 0-0 10. c3 Bd6 11. g3 Bh3 12. d4 Qh5 13. e5 Ng4 14. exd6 Bxf1 15. Nxf1 cxd6 16. Qe7 Rfe8 17. Qxb7 Qf5 18. Bf4 g5 19. Qxc6 gxf4 20. Re1 Rxe1 21. Qxa8+ Kg7 22. Qf3 Rxf1+ 23. Kxf1 Nxh2+ 0-1

[Event "Duesseldorf Nord Cup 9th GrK"]
[Site "Duesseldorf"]
[Date "2009.08.15"]
[Round "2"]
[White "Sloka, Andreas"]
[Black "Schaefer, Rolf"]
[Result "1-0"]
[WhiteElo "1753"]
[BlackElo "1483"]
[PlyCount "55"]
[EventDate "2009.08.14"]
[EventType "tourn"]
[EventRounds "5"]
[EventCountry "GER"]
[SourceTitle "EXT 2020"]
[Source "ChessBase"]
[SourceDate "2019.10.17"]
[SourceVersion "1"]
[SourceVersionDate "2019.10.17"]
[SourceQuality "1"]

1. e4 e6 2. d4 d5 3. exd5 exd5 4. h3 Nf6 5. Nf3 Bd6 6. Bd3 0-0 7. 0-0 Be6 8. Re1 Nbd7 9. Bg5 h6 10. Bh4 c6 11. c3 Qc7 12. Bxf6 Nxf6 13. Nbd2 Rfe8 14. Ne5 Re7 15. Ndf3 Rae8 16. Qc2 Bxe5 17. Nxe5 Bd7 18. Re3 c5 19. Rae1 c4 20. Bf1 Be6 21. g4 Qd6 22. f4 Bc8 23. Bg2 Nd7 24. Qf2 f6 25. Ng6 Rxe3 26. Rxe3 Rxe3 27. Qxe3 Kh7 28. Qe8 1-0

[Event "Duesseldorf Nord Cup 9th GrK"]
[Site "Duesseldorf"]
[Date "2009.08.14"]
[Round "1"]
[White "Memmesheimer, Thomas"]
[Black "Sloka, Andreas"]
[Result "1/2-1/2"]
[WhiteElo "1489"]
[BlackElo "1753"]
[PlyCount "39"]
[EventDate "2009.08.14"]
[EventType "tourn"]
[EventRounds "5"]
[EventCountry "GER"]
[SourceTitle "EXT 2020"]
[Source "ChessBase"]
[SourceDate "2019.10.17"]
[SourceVersion "1"]
[SourceVersionDate "2019.10.17"]
[SourceQuality "1"]

1. d4 Nf6 2. Nf3 e6 3. Bf4 d5 4. e3 Nc6 5. Nbd2 g6 6. h3 Bg7 7. c4 0-0 8. Rc1 Ne4 9. cxd5 exd5 10. Bb5 Bd7 11. 0-0 Rc8 12. Qb3 Nxd2 13. Nxd2 a6 14. Be2 Bxd4 15. Qxb7 Bb6 16. Qxa6 Re8 17. Bf3 Nb4 18. Qa3 c5 19. Qb3 Be6 20. Rfd1 1/2-1/2